000 00389nam a2200145Ia 4500
008 230917s9999||||xx |||||||||||||| ||und||
040 _e176914
_aMAIN
041 _aEnglish
082 _a891.4317109 SV19N
100 _aत्रिपाठी
245 0 _aनयी कविता
260 _aदिल्ली
_bशिल्पायन
_c2006
300 _a120 p.
942 _cHN
999 _c144130
_d144130